[Event "Sitges Sunway op-A 5th"]
[Site "Sitges"]
[Date "2018.12.20"]
[Round "7"]
[White "Rocher Gonzalez, Vicence"]
[Black "Lopez Capape, Armando"]
[Result "0-1"]
[WhiteElo "1798"]
[BlackElo "1827"]
[PlyCount "138"]
[EventDate "2018.12.14"]
[EventType "swiss"]
[EventRounds "10"]
[EventCountry "ESP"]
[SourceTitle "CBM 187 Extra"]
[Source "ChessBase"]
[SourceDate "2018.11.04"]
[SourceVersion "1"]
[SourceVersionDate "2018.11.04"]
[SourceQuality "1"]

1. c4 b6 2. Nc3 e6 3. Nf3 f5 4. g3 Bb7 5. Bg2 Nf6 6. d3 Be7 7. 0-0 0-0 8. Re1 d5 9. Ne5 Nbd7 10. Bf4 Nxe5 11. Bxe5 Ng4 12. d4 Nxe5 13. dxe5 c6 14. cxd5 cxd5 15. Nb5 Qd7 16. Qd3 Ba6 17. a4 Bxb5 18. axb5 Qc7 19. f4 Rfc8 20. Red1 Qc2 21. b3 Rc3 22. Qxc2 Rxc2 23. Kf1 Rc5 24. Rac1 Rac8 25. Ra1 R8c7 26. Rd3 Rxb5 27. Ke1 a5 28. Bf1 Bb4+ 29. Kf2 Rbc5 30. Rb1 Kf8 31. Kf3 h6 32. g4 g6 33. gxf5 gxf5 34. Kg3 Rc1 35. Rxc1 Rxc1 36. Bg2 Rc3 37. Bf3 b5 38. Rxc3 Bxc3 39. e3 a4 40. bxa4 bxa4 41. Bd1 a3 42. Bb3 Be1+ 43. Kf3 Ke7 44. Ke2 Bh4 45. Kd3 Kd7 46. Kc2 Bf2 47. Kd3 Kc6 48. h3 Kb5 49. Ke2 Bh4 50. Kd3 Kb4 51. Ba2 Bd8 52. Kc2 Bb6 53. Kd3 Bc5 54. Kd2 Kb5 55. Kd3 Kc6 56. Ke2 Kd7 57. h4 h5 58. Kf3 Be7 59. Kg3 Kc6 60. Bb3 Kc5 61. Ba2 Kb4 62. e4 fxe4 63. f5 exf5 64. Bxd5 e3 65. Kf3 f4 66. Ke2 Bxh4 67. Kd3 Be7 68. Kc2 h4 69. Bg2 e2 0-1

[Event "Sant Adria de Besos op 2nd B"]
[Site "Sant Adria de Besos"]
[Date "2018.08.15"]
[Round "8.11"]
[White "Rocher Gonzalez, Vicence"]
[Black "Salazar Navas, Josep"]
[Result "1-0"]
[WhiteElo "1809"]
[BlackElo "1642"]
[PlyCount "45"]
[EventDate "2018.08.10"]
[EventType "swiss"]
[EventRounds "9"]
[EventCountry "ESP"]
[SourceTitle "EXT 2024"]
[Source "ChessBase"]
[SourceDate "2023.10.10"]
[SourceVersion "1"]
[SourceVersionDate "2023.10.10"]
[SourceQuality "1"]

1. c4 e5 2. Nc3 Nc6 3. g3 g6 4. Bg2 Bg7 5. Rb1 d6 6. b4 f5 7. b5 Nce7 8. d3 Rb8 9. Qa4 Ra8 10. Bd2 Nf6 11. b6+ Bd7 12. bxc7 Qc8 13. Qb4 Qxc7 14. Nb5 Bxb5 15. Qxb5+ Kf7 16. Qxb7 Qc5 17. Bb4 Qd4 18. Nf3 Qb6 19. Qxb6 axb6 20. Nxe5+ Ke6 21. Bxa8 Rxa8 22. Nf3 Rxa2 23. 0-0 1-0